[Event "Championnat de France des Jeunes - Petit"]
[Site "LA ROCHE SUR YON"]
[Date "2008.04.23"]
[Round "1.1"]
[White "Chesterkine, Vassili"]
[Black "Gergaud, Enzo"]
[Result "1-0"]
[WhiteElo "1610"]
[BlackElo "1120"]
[PlyCount "25"]

1. e4 Nf6 2. e5 Nd5 3. d4 Nc6 4. Nf3 d6 5. c4 Bg4 6. cxd5 Bxf3 7. gxf3 Nb4 8.
Qb3 Na6 9. Bb5+ c6 10. dxc6 Nc7 11. cxb7+ Nxb5 12. Qxb5+ Qd7 13. bxa8=Q# 1-0

[Event "Championnat de France des Jeunes - Petit"]
[Site "LA ROCHE SUR YON"]
[Date "2008.04.23"]
[Round "1.1"]
[White "Broly, Mathilde"]
[Black "Tournebise, Nikita"]
[Result "1-0"]
[WhiteElo "1450"]
[BlackElo "1010"]
[PlyCount "149"]

1. e4 e5 2. Nf3 Nc6 3. Bc4 Nf6 4. d3 d6 5. Nc3 Bg4 6. h3 Bh5 7. Bg5 Be7 8. Nd5
O-O 9. Bxf6 Bxf6 10. O-O Nd4 11. Kh1 Bxf3 12. gxf3 Bg5 13. c3 Nc6 14. Rg1 Re8
15. d4 Na5 16. Bd3 Bh6 17. Qf1 Kh8 18. Qg2 Rg8 19. Ne3 Bxe3 20. fxe3 Nc6 21. d5
Ne7 22. f4 c6 23. fxe5 dxe5 24. Raf1 Qf8 25. d6 Ng6 26. Bc4 Qxd6 27. Bxf7 Rgf8
28. Bxg6 Rxf1 29. Qxf1 hxg6 30. Qf7 Rf8 31. Qxg6 Qxg6 32. Rxg6 Kh7 33. Rd6 Rf1+
34. Kg2 Rb1 35. b3 Rb2+ 36. Kg3 b6 37. Rxc6 Rxa2 38. Re6 Ra5 39. Kg4 Rb5 40. b4
a5 41. Kf5 axb4 42. cxb4 Rxb4 43. Rxe5 b5 44. Rd5 Rb1 45. e5 b4 46. e6 Re1 47.
Re5 Rf1+ 48. Ke4 Rf8 49. Kd4 b3 50. Kc3 Rb8 51. e7 Re8 52. Kxb3 Kg6 53. Kc4 Kh6
54. Kd5 g5 55. Re6+ Kh5 56. Kd6 Kh4 57. Rh6+ Kg3 58. Kd7 Rxe7+ 59. Kxe7 Kf3 60.
Rg6 Kxe3 61. Rxg5 Kf4 62. h4 Ke4 63. h5 Kf4 64. Rg1 Kf5 65. h6 Kf4 66. h7 Kf3
67. h8=Q Kf2 68. Qd4+ Kf3 69. Qd3+ Kf2 70. Rf1+ Kg2 71. Qe2+ Kg3 72. Qf2+ Kh3
73. Rh1+ Kg4 74. Rg1+ Kh3 75. Qg3# 1-0

[Event "Championnat de France des Jeunes - Petit"]
[Site "LA ROCHE SUR YON"]
[Date "2008.04.23"]
[Round "1.2"]
[White "Alinc, Deborah"]
[Black "Rambeaux, Solene"]
[Result "0-1"]
[WhiteElo "1009"]
[BlackElo "1410"]
[PlyCount "107"]

1. e4 d6 2. Qh5 g6 3. Qf3 Bg7 4. Bc4 e6 5. Ne2 Nf6 6. Bb5+ Bd7 7. Bxd7+ Nbxd7
8. Qb3 Rb8 9. Qa4 a6 10. e5 dxe5 11. Qb4 Nd5 12. Qg4 O-O 13. Qe4 N7f6 14. Qh4
Nb6 15. d3 Qd7 16. Bg5 Qe7 17. Bxf6 Bxf6 18. Qh3 Bg7 19. O-O Rfe8 20. Nd2 Nd5
21. Nf3 f6 22. Ng5 fxg5 23. Ng3 Nf4 24. Qg4 Rbd8 25. Ne4 Rd7 26. Nxg5 Rd4 27.
c3 Rxd3 28. Qh4 h6 29. Nf3 Qxh4 30. Nxh4 Ne2+ 31. Kh1 Bf6 32. Nxg6 Kg7 33. Nxe5
Bxe5 34. Rfe1 Rd2 35. c4 Bxb2 36. Rab1 Bf6 37. Rxb7 Red8 38. Rxc7+ Kg8 39. c5
Rd1 40. h3 Rxe1+ 41. Kh2 Be5+ 42. g3 Bxc7 43. a4 Rdd1 44. a5 Rh1+ 45. Kg2 Rdg1+
46. Kf3 Nd4+ 47. Ke3 e5 48. c6 Nxc6 49. g4 Rxh3+ 50. f3 Rh2 51. g5 Rb2 52. gxh6
Kh7 53. Ke4 Rb4+ 54. Kd5 0-1

[Event "Championnat de France des Jeunes - Petit"]
[Site "LA ROCHE SUR YON"]
[Date "2008.04.23"]
[Round "1.3"]
[White "Tassel, Anne"]
[Black "Aubrun, Tina"]
[Result "1-0"]
[WhiteElo "1410"]
[BlackElo "1009"]
[PlyCount "65"]

1. d4 d5 2. Nf3 Nc6 3. Bg5 f6 4. Bf4 e5 5. dxe5 fxe5 6. Nxe5 Nxe5 7. Bxe5 Bd6
8. Bxg7 Be5 9. Bxh8 Bxh8 10. Nc3 c6 11. g3 Bxc3+ 12. bxc3 Nf6 13. Bg2 Ne4 14.
O-O Nxc3 15. Qd2 Ne4 16. Bxe4 dxe4 17. Qxd8+ Kxd8 18. Rfd1+ Bd7 19. Rd4 Kc7 20.
Rad1 Bh3 21. Rxe4 a5 22. Re7+ Kb6 23. Rd3 Ra6 24. Rb3+ Ka7 25. Rbxb7+ Ka8 26.
Rxh7 c5 27. Rbe7 Rb6 28. f3 Rb1+ 29. Kf2 Rf1+ 30. Ke3 Rb1 31. Rxh3 a4 32. c4
Ra1 33. Rh8# 1-0

[Event "Championnat de France des Jeunes - Petit"]
[Site "LA ROCHE SUR YON"]
[Date "2008.04.23"]
[Round "1.4"]
[White "Barbe Asensio, Cyrielle"]
[Black "Georget, Laureline"]
[Result "1-0"]
[WhiteElo "1009"]
[BlackElo "1280"]
[PlyCount "97"]

1. e4 c5 2. Bc4 Nf6 3. d3 g6 4. Bg5 Bg7 5. Bxf6 O-O 6. Bxg7 Kxg7 7. Nf3 Nc6 8.
Nc3 d6 9. O-O Bg4 10. Nd5 e6 11. Nf4 e5 12. Ne6+ fxe6 13. Rc1 Bxf3 14. gxf3 d5
15. Bb3 b5 16. exd5 exd5 17. Re1 a5 18. a4 bxa4 19. Bxa4 Rb8 20. Bxc6 Rc8 21.
Ba4 Qb6 22. Rxe5 Qb4 23. Re7+ Kg8 24. Bb3 c4 25. dxc4 dxc4 26. Ba2 Qxb2 27. Ra1
Qf6 28. Rb1 Qxe7 29. Qd5+ Rf7 30. Qxa5 Rc5 31. Rb5 Rxb5 32. Qxb5 Qe1+ 33. Kg2
Qe6 34. Bxc4 Qe1 35. Bxf7+ Kxf7 36. Qf1 Qc3 37. Qd1 Qf6 38. Qd7+ Qe7 39. Qxe7+
Kxe7 40. c4 Kd6 41. Kg3 Kc5 42. Kg4 Kxc4 43. Kg5 Kd3 44. h4 Ke2 45. Kh6 Kxf3
46. Kxh7 Kf4 47. Kxg6 Kg4 48. f3+ Kxh4 49. Kf5 1-0

[Event "Championnat de France des Jeunes - Petit"]
[Site "LA ROCHE SUR YON"]
[Date "2008.04.23"]
[Round "1.5"]
[White "Lardjane, Indya"]
[Black "Berriat, Diane"]
[Result "1-0"]
[WhiteElo "1280"]
[BlackElo "1009"]
[PlyCount "45"]

1. d4 d5 2. Nc3 Nf6 3. Nf3 Nc6 4. Bg5 e6 5. e3 Bb4 6. Bb5 Bd7 7. Bxc6 Bxc6 8.
Bxf6 Qxf6 9. O-O O-O 10. a3 Bxc3 11. bxc3 Ba4 12. Rb1 Qf5 13. Ne1 Rad8 14. Rxb7
Rd6 15. Rxa7 Rc6 16. Rxa4 Rxc3 17. Qd2 Rc6 18. c3 f6 19. h3 e5 20. dxe5 fxe5
21. Qxd5+ Kh8 22. Qxc6 Qg5 23. Nf3 1-0

[Event "Championnat de France des Jeunes - Petit"]
[Site "LA ROCHE SUR YON"]
[Date "2008.04.23"]
[Round "2.1"]
[White "Cepisul, Karen"]
[Black "Broly, Mathilde"]
[Result "0-1"]
[WhiteElo "1010"]
[BlackElo "1450"]
[PlyCount "23"]

1. d4 d5 2. c4 dxc4 3. e4 Nf6 4. Bxc4 Nxe4 5. Nf3 e6 6. O-O Bb4 7. a3 Bd6 8.
Bg5 Nxg5 9. Nxg5 Qxg5 10. Nc3 O-O 11. Qd3 Qf4 12. g3 0-1

[Event "Championnat de France des Jeunes - Petit"]
[Site "LA ROCHE SUR YON"]
[Date "2008.04.23"]
[Round "2.2"]
[White "Rambeaux, Solene"]
[Black "Hebert, Floriane"]
[Result "0-1"]
[WhiteElo "1410"]
[BlackElo "1010"]
[PlyCount "65"]

1. d4 d5 2. Nf3 Nc6 3. c3 Bg4 4. h3 Bxf3 5. exf3 e5 6. Be3 exd4 7. cxd4 Bb4+ 8.
Nd2 Qe7 9. Be2 O-O-O 10. O-O Nf6 11. Bb5 Na5 12. a3 Bxd2 13. Qxd2 Nb3 14. Qe2
Nxa1 15. Rxa1 a6 16. Bd3 Rd6 17. Bb1 Rc6 18. Qd2 Nh5 19. Bg5 f6 20. Be3 Rb6 21.
b4 g5 22. a4 Rxb4 23. Bf5+ Kb8 24. Qd1 Nf4 25. Bxf4 gxf4 26. Rb1 Rd8 27. Qd2
Rxa4 28. Qxf4 Rb4 29. Qh6 Rxb1+ 30. Bxb1 Qa3 31. Bxh7 Qa1+ 32. Kh2 Qxd4 33. Qe3
0-1

[Event "Championnat de France des Jeunes - Petit"]
[Site "LA ROCHE SUR YON"]
[Date "2008.04.23"]
[Round "2.3"]
[White "Gregoire, Roxanne"]
[Black "Tassel, Anne"]
[Result "0-1"]
[WhiteElo "1010"]
[BlackElo "1410"]
[PlyCount "42"]

1. e4 d6 2. d4 Nf6 3. Nc3 g6 4. Nf3 Bg7 5. Be3 O-O 6. Bc4 c6 7. O-O b5 8. Bd3
a6 9. Qd2 Qc7 10. Rae1 Nbd7 11. Bh6 c5 12. Bxg7 Kxg7 13. e5 dxe5 14. dxe5 Ne8
15. Nd5 Qc6 16. Nf4 Bb7 17. e6 Nb6 18. exf7 Rxf7 19. Be4 Qc7 20. Qd3 Bxe4 21.
Qxe4 Qxf4 0-1

[Event "Championnat de France des Jeunes - Petit"]
[Site "LA ROCHE SUR YON"]
[Date "2008.04.23"]
[Round "2.4"]
[White "Menage, Mickaella"]
[Black "Lardjane, Indya"]
[Result "0-1"]
[WhiteElo "1010"]
[BlackElo "1280"]
[PlyCount "50"]

1. d4 d5 2. Nc3 Nf6 3. e3 Bg4 4. f3 Bh5 5. Bb5+ c6 6. Ba4 b5 7. Bb3 Nbd7 8. g4
Bg6 9. a4 bxa4 10. Rxa4 Nb6 11. Rb4 e6 12. g5 Nh5 13. Nge2 Bxb4 14. Kf2 Bxc3
15. Nxc3 O-O 16. Qg1 Nc4 17. Bxc4 dxc4 18. b4 cxb3 19. cxb3 a5 20. Ba3 Re8 21.
b4 axb4 22. Bxb4 Qb6 23. Qg4 Qxb4 24. Ne4 Qb2+ 25. Kf1 Ra1# 0-1

[Event "Championnat de France des Jeunes - Petit"]
[Site "LA ROCHE SUR YON"]
[Date "2008.04.23"]
[Round "2.5"]
[White "Ragot Gaufreteau, Maelyss"]
[Black "Muller, Maud"]
[Result "1-0"]
[WhiteElo "1270"]
[BlackElo "1010"]
[PlyCount "21"]

1. e4 e5 2. Nf3 Nc6 3. d4 exd4 4. Nxd4 Nxd4 5. Qxd4 Nf6 6. Nc3 d6 7. Bc4 Be7 8.
Nd5 Nxd5 9. Bxd5 Bg4 10. Qxg7 Rf8 11. Qxg4 1-0

[Event "Championnat de France des Jeunes - Juniors  "]
[Site "LA ROCHE SUR YON"]
[Date ""]
[Round "6.1"]
[White "Congiu, Mathilde"]
[Black "Vernay, Clovis"]
[Result "1-0"]
[WhiteElo "2190"]
[BlackElo "2348"]
[Annotator ""]

1. e4 e6 2. d4 d5 3. exd5 exd5 4. Nf3 Bd6 5. c4 Nf6 6. Nc3 O-O 7. Be2
dxc4 8. O-O a6 9. a4 Nc6 10. a5 h6 11. Bxc4 Bg4 12. Be3 Bb4 13. Be2
Nxa5 14. d5 b6 15. Ra4 Be7 16. h3 Bd7 17. Ra1 Bb4 18. Bd4 b5 19. Ne5
Be8 20. Bf3 Rc8 21. Nd3 c5 22. Bxf6 Qxf6 23. Na2 Nc4 24. b3 Nd2 25.
Naxb4 Nxf1 26. Nc2 c4 27. bxc4 Rxc4 28. Rc1 a5 29. Qxf1 Bd7 30. Ne3
Rxc1 31. Qxc1 Rc8 32. Qa3 Rc3 33. Qxa5 g6 34. Qa1 Kg7 35. Nb4 Rb3 36.
Qxf6+ Kxf6 37. Nc6 Rb1+ 38. Kh2 h5 39. Nc2 Rb2 40. Be4 Bf5 41. Bxf5
gxf5 42. N2d4 1-0

[Event "Championnat de France des Jeunes - Junio"]
[Site "LA ROCHE SUR YON"]
[Date "2008.04.24"]
[Round "6.2"]
[White "Genzling, Alain"]
[Black "Forgues, Fabien"]
[Result "1/2-1/2"]
[WhiteElo "2281"]
[BlackElo "2162"]
[PlyCount "142"]

1. d4 Nf6 2. Bg5 Ne4 3. Bf4 d5 4. f3 Nf6 5. e4 e6 6. e5 Nfd7 7. Be3 c5 8. c3
Nc6 9. f4 g6 10. Nf3 b6 11. Bd3 Bb7 12. O-O h5 13. Bf2 Be7 14. Nbd2 Nf8 15. b3
Qd7 16. a4 Qc7 17. Qe2 Nd7 18. Rfc1 Rd8 19. Bb5 Qc8 20. Bd3 Qc7 21. Nh4 Nf8 22.
Ndf3 Na5 23. Nd2 Nc6 24. Kh1 Rc8 25. Nhf3 Qd8 26. Bb5 Nd7 27. c4 Nxd4 28. Nxd4
cxd4 29. cxd5 Bxd5 30. Bxd4 Kf8 31. Bc4 Bxc4 32. Nxc4 Nc5 33. Nd6 Rc7 34. Qc4
a5 35. Qb5 Nd7 36. Rxc7 Qxc7 37. Nc4 Bd8 38. Rd1 Kg7 39. Bg1 Nc5 40. Bxc5 Qxc5
41. Qxc5 bxc5 42. Rd7 g5 43. Nd6 Rf8 44. g3 gxf4 45. gxf4 Bh4 46. f5 Kg8 47. f6
Bf2 48. Nb5 Bd4 49. Nxd4 cxd4 50. Rxd4 Rb8 51. Rd3 Rb4 52. Rg3+ Kf8 53. Kg2 h4
54. Rc3 Kg8 55. Kh3 Kh7 56. Rc5 Rxb3+ 57. Kxh4 Kg6 58. Rxa5 Kf5 59. Ra7 Kg6 60.
Kg4 Rb4+ 61. Kf3 Rh4 62. Kg3 Re4 63. Ra5 Kg5 64. Kf3 Kf5 65. Ra7 Rxe5 66. Rxf7
Ra5 67. Rg7 Kxf6 68. Rg4 e5 69. Rb4 Kf5 70. h4 Ra8 71. Ke3 Rg8 1/2-1/2

[Event "Championnat de France des Jeunes - Junio"]
[Site "LA ROCHE SUR YON"]
[Date "2008.04.24"]
[Round "6.3"]
[White "Leroy, Olivier"]
[Black "Achereiner, Guillaume"]
[Result "0-1"]
[WhiteElo "2028"]
[BlackElo "1991"]
[PlyCount "56"]

1. e4 e6 2. d4 d5 3. e5 Qd7 4. c3 b6 5. h4 c5 6. h5 Ba6 7. Ne2 Nc6 8. a3 f6 9.
f4 Nh6 10. Ng3 Bxf1 11. Kxf1 fxe5 12. fxe5 Be7 13. Kg1 cxd4 14. cxd4 Nxd4 15.
b4 Nc6 16. Bf4 O-O 17. Qd2 Ng4 18. Nc3 a5 19. Rh3 axb4 20. Nce2 Bc5+ 21. Kh1
Nf2+ 22. Kh2 Nxh3 23. gxh3 Rxa3 24. Rf1 Qa7 25. h4 Ra1 26. Rf3 Nxe5 27. Bxe5
Rxf3 28. h6 Qe7 0-1

[Event "Championnat de France des Jeunes - Junio"]
[Site "LA ROCHE SUR YON"]
[Date "2008.04.24"]
[Round "6.4"]
[White "Bailet, Pierre"]
[Black "Ryan, Martin"]
[Result "1/2-1/2"]
[WhiteElo "2250"]
[BlackElo "2058"]
[PlyCount "65"]

1. Nf3 g6 2. e4 Bg7 3. d4 d6 4. c4 Nf6 5. Nc3 O-O 6. Be2 e5 7. O-O Nc6 8. d5
Ne7 9. b4 Nh5 10. Re1 f5 11. Ng5 Nf6 12. f3 Kh8 13. Kh1 Nh5 14. Ne6 Bxe6 15.
dxe6 Nf4 16. Bxf4 exf4 17. Rc1 fxe4 18. fxe4 Be5 19. c5 f3 20. Bxf3 Nc6 21. Bg4
Qh4 22. Bh3 Qf4 23. g3 Qh6 24. Kg2 Rf2+ 25. Kxf2 Qxh3 26. Kg1 Bxg3 27. Re2 Ne5
28. Qf1 Nf3+ 29. Qxf3 Bxh2+ 30. Kf2 Bg3+ 31. Ke3 Bf4+ 32. Kf2 Bg3+ 33. Kg1
1/2-1/2

[Event "Championnat de France des Jeunes - Junio"]
[Site "LA ROCHE SUR YON"]
[Date "2008.04.24"]
[Round "6.5"]
[White "Soyez, Cyril"]
[Black "Mania, Clement"]
[Result "1/2-1/2"]
[WhiteElo "2244"]
[BlackElo "1956"]
[PlyCount "98"]

1. c4 e6 2. Nf3 d5 3. b3 Be7 4. Bb2 Bf6 5. Bxf6 Nxf6 6. g3 O-O 7. Bg2 Nbd7 8.
O-O c6 9. d3 e5 10. Qc2 Re8 11. cxd5 cxd5 12. Nc3 Nf8 13. Rac1 Bf5 14. Nb5 Rc8
15. Qb2 a6 16. Nc3 Qd6 17. Rfd1 N8d7 18. e4 Be6 19. d4 dxe4 20. dxe5 Qb6 21.
Ng5 Nxe5 22. Ncxe4 Rxc1 23. Qxc1 Nxe4 24. Nxe4 Bg4 25. Re1 Bf3 26. Qc3 Bxg2 27.
Kxg2 Qc6 28. Qxc6 bxc6 29. Nc5 Re7 30. f4 Ng6 31. Rxe7 Nxe7 32. Nxa6 Kf8 33.
Kf3 Nd5 34. a4 Ke7 35. Ke4 Kd6 36. Kd4 h5 37. Nc5 h4 38. Ne4+ Kc7 39. Ng5 f6
40. Ne6+ Kb6 41. Nxg7 Ka5 42. Kc5 h3 43. f5 Ne3 44. Nh5 Nxf5 45. Nxf6 Nxg3 46.
Kxc6 Nf1 47. Ng4 Nd2 48. Nf2 Nxb3 49. Kd5 Nd2 1/2-1/2

[Event "Championnat de France des Jeunes - Junio"]
[Site "LA ROCHE SUR YON"]
[Date "2008.04.25"]
[Round "6.1"]
[White "Huisman, Camille"]
[Black "Swiercz, Sarah"]
[Result "1-0"]
[WhiteElo "1613"]
[BlackElo "1420"]
[PlyCount "53"]

1. e4 e6 2. d4 d5 3. exd5 exd5 4. Bd3 Nf6 5. Bf4 c6 6. Nf3 Bg4 7. Nbd2 Bb4 8.
c3 Qe7+ 9. Qe2 Qxe2+ 10. Bxe2 Ba5 11. O-O O-O 12. Bd3 Ne4 13. Nxe4 dxe4 14.
Bxe4 f5 15. Bd3 Bxf3 16. gxf3 Nd7 17. Rfe1 Rf6 18. Re7 Nf8 19. Rxb7 g5 20. Bc4+
Kh8 21. Be5 Bd8 22. Rf7 Kg8 23. Rxf6+ Kg7 24. Rxc6+ Bf6 25. Rxf6 Re8 26. Ra6+
Rxe5 27. dxe5 1-0

[Event "Championnat de France des Jeunes - Junio"]
[Site "LA ROCHE SUR YON"]
[Date "2008.04.25"]
[Round "6.1"]
[White "Magnin, Segolene"]
[Black "Vidal, Marguerite"]
[Result "1-0"]
[WhiteElo "1799"]
[BlackElo "1380"]
[PlyCount "55"]

1. e4 e5 2. Nc3 Nf6 3. f4 d5 4. exd5 exf4 5. Bc4 Bf5 6. Nf3 Bd6 7. Qe2+ Qe7 8.
Qxe7+ Bxe7 9. d4 Bd6 10. Nb5 Bxc2 11. Nxd6+ cxd6 12. Bxf4 O-O 13. Bxd6 Re8+ 14.
Be5 Nbd7 15. Kd2 Be4 16. Bb5 Bf5 17. Bxf6 gxf6 18. Nh4 Bg4 19. h3 Re4 20. hxg4
Rxd4+ 21. Ke3 Rxd5 22. Bxd7 Rxd7 23. Rad1 Re7+ 24. Kf3 Rc8 25. Rd2 Rc4 26. Rd8+
Kg7 27. Nf5+ Kg6 28. Rg8# 1-0

[Event "Championnat de France des Jeunes - Junio"]
[Site "LA ROCHE SUR YON"]
[Date "2008.04.25"]
[Round "6.1"]
[White "Belloc, Sidonie"]
[Black "Cwiek, Perrine"]
[Result "1-0"]
[WhiteElo "1789"]
[BlackElo "1730"]
[PlyCount "69"]

1. e4 e5 2. Nf3 Nc6 3. d4 exd4 4. Nxd4 Bc5 5. Be3 Qf6 6. c3 Nge7 7. Bc4 b6 8.
O-O Bb7 9. Nb5 O-O-O 10. Bxc5 bxc5 11. Qa4 Kb8 12. Nd2 Nc8 13. Qc2 Nb6 14. b4
Ne5 15. Be2 d6 16. a4 Nbd7 17. Rab1 h5 18. a5 a6 19. Na3 g5 20. b5 Ka7 21. bxa6
Bxa6 22. Bxa6 Kxa6 23. Nb5 Rc8 24. Qb3 Qd8 25. Nc4 Rb8 26. Nxe5 Nxe5 27. Qa4
Qd7 28. c4 f6 29. Qc2 Nxc4 30. Nxc7+ Qxc7 31. Qxc4+ Ka7 32. Rb6 Ka8 33. Ra6+
Kb7 34. Rb1+ Kc8 35. Qe6+ 1-0

[Event "Championnat de France des Jeunes - Junio"]
[Site "LA ROCHE SUR YON"]
[Date "2008.04.25"]
[Round "6.1"]
[White "Dolz, Elisabeth"]
[Black "Mehiaoui, Dounia"]
[Result "1/2-1/2"]
[WhiteElo "1710"]
[BlackElo "1855"]
[PlyCount "165"]

1. e4 e5 2. Nf3 Nc6 3. Bb5 a6 4. Ba4 Nf6 5. O-O Be7 6. Re1 b5 7. Bb3 d6 8. h3
Na5 9. c3 Nxb3 10. Qxb3 O-O 11. d4 exd4 12. cxd4 Bb7 13. Nc3 d5 14. Bg5 dxe4
15. Bxf6 Bxf6 16. Nxe4 Be7 17. Rad1 Bd5 18. Qc2 Bb4 19. Nfd2 Kh8 20. a3 Ba5 21.
b4 Bb6 22. Nc5 c6 23. Qd3 Re8 24. Nf3 Rxe1+ 25. Rxe1 h6 26. Ne5 Qg5 27. Ne4 Qf5
28. Nc5 Qxd3 29. Nexd3 a5 30. Ra1 axb4 31. Nxb4 Rd8 32. a4 Ra8 33. Nxd5 cxd5
34. Rb1 Bxc5 35. dxc5 bxa4 36. c6 Rc8 37. Rb4 Rxc6 38. Rxa4 Rc1+ 39. Kh2 Rd1
40. Kg3 d4 41. Kf3 Rd2 42. Ra8+ Kh7 43. Re8 f5 44. Re2 Rd1 45. Rb2 d3 46. Ke3
f4+ 47. Kxf4 Rc1 48. Ke3 Rg1 49. g3 Rh1 50. h4 Ra1 51. Kxd3 Kg6 52. g4 Ra3+ 53.
Ke4 Ra4+ 54. Kf3 Kf6 55. Rb6+ Kf7 56. Rb5 g6 57. h5 g5 58. Rf5+ Kg7 59. Kg3
Ra3+ 60. Kg2 Ra2 61. Kf1 Ra1+ 62. Ke2 Ra2+ 63. Kd3 Ra3+ 64. Kc4 Ra4+ 65. Kd5
Ra5+ 66. Ke6 Ra6+ 67. Kd7 Ra7+ 68. Kc6 Ra6+ 69. Kb5 Re6 70. Kc5 Re4 71. f3 Re6
72. Kd5 Ra6 73. Ke5 Ra5+ 74. Ke6 Ra6+ 75. Ke7 Ra7+ 76. Ke6 Rb7 77. Ke5 Re7+ 78.
Kd6 Re3 79. Kd5 Ra3 80. Ke6 Ra7 81. Ke5 Ra6 82. Kd5 Rb6 83. Ke5 1/2-1/2

[Event "Championnat de France des Jeunes - Juniors Filles"]
[Site "LA ROCHE SUR YON"]
[Date ""]
[Round "6.1"]
[White "Bismuth, Lea"]
[Black "Choisy, Mathilde"]
[Result "1/2-1/2"]
[WhiteElo "1930"]
[BlackElo "2094"]
[Annotator ""]

1. d4 c5 2. dxc5 g6 3. e4 Bg7 4. c3 Qc7 5. Be3 Nf6 6. Nd2 a5 7. Ngf3
Ng4 8. Bd4 e5 9. Nc4 O-O 10. Nb6 Ra7 11. Nd5 Qd8 12. c6 Nxc6 13. Bxa7
Nxa7 14. Bd3 Nf6 15. Qb3 Nxd5 16. Qxd5 Qc7 17. O-O d6 18. Qb3 Be6 19.
Qc2 Nc6 20. Rfd1 h6 21. Qe2 Ne7 22. Rac1 Bxa2 23. Nd2 Be6 24. Bc4 d5
25. exd5 Nxd5 26. Bxd5 Bxd5 27. Ne4 Qc6 28. f3 Bxe4 29. fxe4 a4 30.
Rd3 h5 31. Rcd1 Bh6 32. Rd6 Qc5+ 33. Kh1 a3 34. R6d5 Qc7 35. Rd7 Qc6
36. bxa3 Qxc3 37. Rxb7 Qxa3 38. Qc4 h4 39. Rb6 Kg7 40. Qf1 Bf4 41. Qf2
Qe3 42. Qxe3 Bxe3 43. Rb7 Kh6 44. g3 hxg3 45. hxg3 Kg5 46. Rb5 f6 47.
Rd3 Ba7 48. Kg2 Kg4 49. Rd7 Bd4 50. Rg7 Kg5 51. Rbb7 Rc8 52. Rgc7 Ra8
53. Rc2 Ra3 54. Re2 Kg4 55. Rg7 Rxg3+ 56. Kh2 Kf4 57. Rf7 Bg1+ 58. Kh1
f5 59. exf5 gxf5 60. Re1 Bd4 61. Rf1+ Ke3 62. R7xf5 Ke4 63. Rf7 Re3
64. Kg2 Re2+ 65. Kg3 Re3+ 66. Kg4 Kd3 1/2-1/2

[Event "Championnat de France des Jeunes - Cadets"]
[Site "LA ROCHE SUR YON"]
[Date ""]
[Round "6.1"]
[White "Bressac, Stephane"]
[Black "Guilleux, Fabien"]
[Result "0-1"]
[WhiteElo "2028"]
[BlackElo "2391"]
[Annotator ""]

1. e4 c5 2. Nf3 e6 3. d4 cxd4 4. Nxd4 a6 5. Bd3 Nf6 6. Nc3 d6 7. a4
Nc6 8. Nb3 b6 9. O-O Bb7 10. f4 Be7 11. Be3 O-O 12. Qf3 e5 13. Nd5
Nxd5 14. exd5 Nb4 15. Bxh7+ Kxh7 16. Qe4+ f5 17. Qxb4 Bxd5 18. Bxb6
Qc8 19. Rad1 Qe6 20. Rfe1 Be4 21. Qc3 Rf6 22. Nd2 Rc8 23. Qe3 d5 24.
a5 exf4 25. Qxf4 Bd6 26. Qe3 Rxc2 27. Nf3 f4 28. Qxe4+ dxe4 29. Ng5+
Kg6 30. Nxe6 Rxe6 31. Bd4 Bb4 32. Bc3 Bxc3 33. bxc3 Rxc3 34. Rd4 Kf5
35. Rd5+ Re5 36. Rxe5+ Kxe5 0-1

[Event "Championnat de France des Jeunes - Cadet"]
[Site "LA ROCHE SUR YON"]
[Date "2008.04.24"]
[Round "6.2"]
[White "Stephan, Victor"]
[Black "Tachikart, Yassin"]
[Result "1-0"]
[WhiteElo "2094"]
[BlackElo "2111"]
[PlyCount "41"]

1. d4 d5 2. c4 c6 3. cxd5 cxd5 4. Nf3 Nc6 5. Nc3 Nf6 6. Bf4 a6 7. e3 Bg4 8. Qb3
Bxf3 9. gxf3 b5 10. Nxb5 axb5 11. Bxb5 Qa5+ 12. Ke2 Ra6 13. Rhc1 Rb6 14. a4 e5
15. Rxc6 Rxb5 16. Qxb5 Qxb5+ 17. axb5 exf4 18. Ra8+ Kd7 19. Ra7+ Kd8 20. b6 Nd7
21. b7 1-0

[Event "Championnat de France des Jeunes - Cadet"]
[Site "LA ROCHE SUR YON"]
[Date "2008.04.24"]
[Round "6.3"]
[White "Delorme, Axel"]
[Black "Migot, Tanguy"]
[Result "1/2-1/2"]
[WhiteElo "2377"]
[BlackElo "2023"]
[PlyCount "86"]

1. e4 c5 2. Nf3 d6 3. d4 cxd4 4. Nxd4 Nf6 5. Nc3 a6 6. Be3 e5 7. Nf3 Be7 8. Bc4
Be6 9. Bxe6 fxe6 10. O-O Qd7 11. Qd3 Ng4 12. Bg5 Nc6 13. h3 Nf6 14. Bxf6 Bxf6
15. Na4 Qc7 16. c4 b6 17. Qb3 Na5 18. Qxb6 Qxb6 19. Nxb6 Rb8 20. c5 dxc5 21.
Na4 c4 22. Rab1 Ke7 23. Rfc1 Rb4 24. Nc3 Rhb8 25. Rc2 Nb7 26. g4 g6 27. g5 Bg7
28. a3 Rb6 29. Na4 Rc6 30. Rbc1 Rbc8 31. Nd2 Nd6 32. b3 h6 33. h4 hxg5 34. hxg5
Nf7 35. bxc4 Nxg5 36. Kg2 Bh6 37. Rb1 Nf7 38. Rb7+ Kf6 39. c5 Nd6 40. Rb4 a5
41. Rb1 Bxd2 42. Rxd2 Nxe4 43. Rc2 Rd8 1/2-1/2

[Event "Championnat de France des Jeunes - Cadet"]
[Site "LA ROCHE SUR YON"]
[Date "2008.04.24"]
[Round "6.4"]
[White "Fougerit, Valentin"]
[Black "Favarel, Antoine"]
[Result "1-0"]
[WhiteElo "2208"]
[BlackElo "2065"]
[PlyCount "83"]

1. e4 c5 2. Nf3 Nc6 3. Bb5 g6 4. Bxc6 dxc6 5. d3 Bg7 6. h3 Nf6 7. Nc3 Nd7 8.
Be3 e5 9. Qd2 Qe7 10. O-O Nf8 11. a3 Ne6 12. Ne2 Nd4 13. Nh2 O-O 14. b4 Rd8 15.
Kh1 c4 16. Nxd4 exd4 17. Bg5 f6 18. Bh4 c3 19. Qc1 g5 20. Bg3 a5 21. Nf3 Be6
22. Qb1 axb4 23. axb4 b5 24. Rxa8 Rxa8 25. Nxd4 Ba2 26. Nf5 Bxb1 27. Nxe7+ Kf7
28. Rxb1 Kxe7 29. f3 Ra2 30. Rc1 f5 31. Kg1 Bd4+ 32. Bf2 Bxf2+ 33. Kxf2 f4 34.
Ke2 Rb2 35. d4 Rxb4 36. Kd3 c5 37. dxc5 Rc4 38. Rb1 Rxc5 39. Rb3 h6 40. Rxc3
Re5 41. Rc6 h5 42. Kd4 1-0

[Event "Championnat de France des Jeunes - Cadet"]
[Site "LA ROCHE SUR YON"]
[Date "2008.04.24"]
[Round "6.5"]
[White "Blum, Nicolas"]
[Black "Maniere, Alexis"]
[Result "1/2-1/2"]
[WhiteElo "2180"]
[BlackElo "1900"]
[PlyCount "92"]

1. e4 e6 2. d3 d5 3. Nd2 Nf6 4. Ngf3 b6 5. g3 Ba6 6. Bg2 c6 7. e5 Nfd7 8. O-O
Qc7 9. Re1 c5 10. Qe2 Be7 11. c3 Nc6 12. Qe3 h6 13. a3 g5 14. h3 Rg8 15. b4 g4
16. hxg4 Rxg4 17. Rb1 b5 18. Qxh6 O-O-O 19. Qe3 Rdg8 20. Nb3 c4 21. Nbd4 Nxd4
22. cxd4 Nb6 23. dxc4 dxc4 24. Nh2 R4g7 25. Qf3 Nd5 26. a4 Bxb4 27. Re2 c3 28.
Qd3 Qa5 29. Bxd5 exd5 30. Qf5+ Kd8 31. Qf6+ Be7 32. Qc6 b4 33. Qa8+ Bc8 34. Nf1
Kc7 35. e6 f6 36. Bf4+ Bd6 37. e7 Re8 38. Bxd6+ Kxd6 39. Rbe1 Bd7 40. Qb7 Rgxe7
41. Ne3 Re4 42. Nc4+ dxc4 43. Rxe4 Bc6 44. Re6+ Rxe6 45. Rxe6+ Kxe6 46. Qxc6+
Kf5 1/2-1/2

[Event "Championnat de France des Jeunes - Cadettes"]
[Site "LA ROCHE SUR YON"]
[Date ""]
[Round "6.1"]
[White "Forestier, Carole"]
[Black "Genzling, Sylvie"]
[Result "1-0"]
[WhiteElo "2037"]
[BlackElo "1955"]
[Annotator ""]

1. d4 d5 2. c4 e6 3. Nc3 c5 4. cxd5 cxd4 5. Qa4+ Bd7 6. Qxd4 exd5 7.
Qxd5 Nf6 8. Qb3 Bc5 9. Nf3 Nc6 10. Bg5 h6 11. Bh4 Na5 12. Qc2 Qb6 13.
e3 g5 14. Bg3 Nc6 15. Bc4 O-O-O 16. O-O Nh5 17. Nd5 Qa5 18. Bc7 Bb6
19. Bxd8 Rxd8 20. b4 1-0

[Event "Championnat de France des Jeunes - Cadet"]
[Site "LA ROCHE SUR YON"]
[Date "2008.04.25"]
[Round "6.2"]
[White "Peyre, Camille"]
[Black "Richard, Emma"]
[Result "0-1"]
[WhiteElo "1831"]
[BlackElo "1985"]
[PlyCount "52"]

1. d4 c5 2. d5 e5 3. c4 d6 4. Nc3 Nf6 5. e4 Be7 6. Be2 Nbd7 7. g4 h6 8. Be3 Nh7
9. Qd2 Bg5 10. Bxg5 Qxg5 11. Nb5 Qxd2+ 12. Kxd2 Ke7 13. f3 h5 14. h3 Ng5 15.
Ke3 hxg4 16. fxg4 Nf6 17. Nf3 Rxh3 18. Rxh3 Nxg4+ 19. Kd2 Nxh3 20. a3 Nf4 21.
b4 b6 22. bxc5 bxc5 23. Rh1 Nf2 24. Rg1 Nxe4+ 25. Ke3 Nxe2 26. Kxe2 a6 0-1